| 000 | 00702nam a2200205 a 4500 | ||
|---|---|---|---|
| 001 | 000041982 | ||
| 005 | 20201002035850.0 | ||
| 008 | 131016s2005 sp a 001 0 spa d | ||
| 020 | _a8400083229 | ||
| 040 |
_aDO-SdBNP _bspa _cBNPHU |
||
| 100 | 1 |
_aMoreno Botella, Rodrigo _968923 |
|
| 245 | 1 | 0 |
_aReología de suspensiones cerámicas / _cRodrigo Moreno Botella. |
| 260 |
_aMadrid : _bCSIC, _c2005. |
||
| 300 |
_a325 p. : _bil. ; _c25 cm. |
||
| 490 | 1 |
_aBiblioteca de ciencias _v17 |
|
| 504 | _aIncluye bibliografías al final de los capítulos | ||
| 500 | _aIncluye índice | ||
| 710 | 2 |
_aConsejo Superior de Investigaciones Científicas (España) _915178 |
|
| 830 | 0 |
_aBiblioteca de ciencias _c17 _938842 |
|
| 999 |
_c41471 _d41471 |
||